McClymont v Primecourt Property Management Ltd (Record no. 65559)

MARC details
000 -LEADER
fixed length control field 01143cam a2200181 4500
008 - FIXED-LENGTH DATA ELEMENTS--GENERAL INFORMATION
fixed length control field 000000n2000 000 0 eng u
035 ## - SYSTEM CONTROL NUMBER
System control number (Sirsi) u109891
245 ## - TITLE STATEMENT
Title McClymont v Primecourt Property Management Ltd
260 ## - PUBLICATION, DISTRIBUTION, ETC.
Date of publication, distribution, etc. 2000
490 ## - SERIES STATEMENT
Series statement Estates Gazette Case Summaries
Volume/sequential designation [2000] EGCS 139 (2/12/00) (1)
520 ## - SUMMARY, ETC.
Summary, etc. "McClymont v Primecourt Property Management Ltd" CHD 17 November 2000. Grant of exclusive use of one-half of garden area - Parties constructing dividing fence - Title to grantee's house subsequently recording right to such exclusive use - Defendant successor to grantor - Defendant removing fence and treating entire area as his own - Claimant successor to grantee - Whether claimant entitled to sue in trespass - Right of way - Defendant altering approach to private road - Claimant unable to leave car in front of house - Whether defendant interfering with claimant's right to 'use' road. HEADNOTE FROM JOURNAL.
650 ## - SUBJECT ADDED ENTRY--TOPICAL TERM
Topical term or geographic name entry element MCCLYMONT V PRIMECOURT PROPERTY MANAGEMENT LTD
650 ## - SUBJECT ADDED ENTRY--TOPICAL TERM
Topical term or geographic name entry element TRESPASS
650 ## - SUBJECT ADDED ENTRY--TOPICAL TERM
Topical term or geographic name entry element RIGHT OF WAY
650 ## - SUBJECT ADDED ENTRY--TOPICAL TERM
Topical term or geographic name entry element FENCES
690 ## - LOCAL SUBJECT ADDED ENTRY--TOPICAL TERM (OCLC, RLIN)
Topical term or geographic name as entry element PROPERTY LAW AND PRACTICE-CASE LAW
942 ## - ADDED ENTRY ELEMENTS (KOHA)
Suppress in OPAC 0
Holdings
Withdrawn status Lost status Source of classification or shelving scheme Damaged status Not for loan Home library Current library Shelving location Date acquired Total Checkouts Full call number Barcode Date last seen Copy number Price effective from Koha item type
    Dewey Decimal Classification     London London News article 11/12/2000   X109891 109891-1001 06/08/2019 1 06/08/2019 Law report